000 00846nam a22001817a 4500
003 UA-OsUOA
001 17968
007 ta
008 20040407b un ||||| |||| 00| 0 ukr d
100 _aПащук І.
942 _cSA
040 _aUA-OsUOA
_cUA-OsUOA
_dUA-OsUOA
245 _aМезейний літопис "Козацьких могил"
_b[Рец. на кн. про Берестецьку битву заст. дир. іст.-меморіал. заповідника "Поле Берестецької битви " , що в с. Пляшева Радивилів. р-ну Г. Лотоцького музейний літопис "Козацькі могили"]
300 _aС.2
955 _a0
773 0 _w0
_tВісті Рівненщини
_dРівне
_d2004
_g№31/31 берез./
650 7 _aКраєзнавча робота
_2UDC
999 _c304138
_d304138